MDQL
is popping MORE tags! Check the
thread
!
Quizzes
Events
Quiz Creation
Community
Videos
Private Events
Remove Ads
Sign In
Join for FREE
Feedback
Dark Mode
Quiz Categories
Sports
Geography
Music
Movies
Television
Just For Fun
Miscellaneous
History
Literature
Language
Science
Gaming
Entertainment
Religion
Holiday
For Kids
Quiz Lab
Recent
Popular Today
Quiz Kudos Today
Editor Picks
Curator Picks
Quizzes by...
Day
Popularity
Type
Ratings
Length
Year
Community
Subscriptions
Recent Discussions
Orange Saloon
Badges
Playlists
Quests
Create
Leaderboards
Showdown
Live 5
Trivia Bingo
Activity
Puzzle Library
Sporcle Events
Private Events
Virtual Trivia
Globe League
Become a Host
Pub Owners
SporcleCon
Opinionation
Our Games
Videos
Blog
Mobile Apps
Partnerships
Remove Ads and Go Orange
Feedback
Geography
Country
Landmarks
City
State
Population
World
Capital
Continent
Flags
Europe
Africa
Asia
South America
North America
Oceania
Border
Canada
United Kingdom
Topography
United States
Geography
Country
Landmarks
City
State
Population
World
Capital
Continent
Flags
Europe
Africa
Asia
South America
North America
Oceania
Border
Canada
United Kingdom
Topography
United States
Random Quiz
Search Sporcle
×
Quiz Lab
Quiz Lab
Geography
Oceania
Click on regions of an image
Click on regions of an image
Picture Click
Best Score? Go Orange.
Between Buenos Aires and Nuku'alofa Stats
Click on the given places (rugby balls), which are located between Buenos Aires and Nuku'alofa.
By
xyz_
6m
12 Questions
91 Plays
91 Plays
91 Plays
Comments
Comments
Give Quiz Kudos
Give Quiz Kudos
-
- Ratings
hide this ad
More Info
Forced Order
Answers have to be entered in order
Answers have to be entered in order
Replay
Link that replays current quiz
Next Quiz
Link to next quiz in quiz playlist
You Got
0%
They Got
Avg Score
66%
Avg Friend Score
Upgrade to see
Score Distribution
Jump to the score distribution portion of the page
Score
0/12
Timer
06:00
0
Plays Today
% Correct
Nuku'alofa
88.6%
Buenos Aires
87.5%
Point Nemo
81.8%
San Martín de los Andes
72.7%
Alofi
67%
Avarua
65.9%
Rapa
65.9%
Neuquén
63.6%
Santa Rosa
61.4%
Osorno
47.7%
Chivilcoy
47.7%
San Carlos de Bolívar
45.5%
Quiz Playlist
Details
Report
Send in Message
Add To Playlist
More Info:
• Game released for the match between Argentina and Tonga during 2019 Rugby World Cup.
• Places chosen arbitrarily.
Picture Click:
Click on regions of an image
Forced Order:
Answers have to be entered in order
Last Updated: Mar 14, 2021
Quiz Scoreboard
CHALLENGE
Sign Up to Join the Scoreboard
Show All
Scores
Hide
Comments
May contain spoilers
Recently Published
Two Season TV Shows II
by 123Four
Television
10m
Image Sorting: Flags VI
by Barbecue
Geography
2m
Find the 'City' Movie
by crazypaving
Movies
60s
More to Explore
Quiz From the Vault
Featured Blog Post
14 Easter Pick-up Lines to Find Eggs With
hide this ad
You Might Also Like...
Tags
City Quiz
Oceania Quiz
South America Quiz
Argentina
Buenos Aires
Tonga
Today's Top Quizzes in Geography
Browse Geography
hide this ad
Today's Top Quizzes in Oceania
Browse Oceania
Top Contributed Quizzes in Geography
1
Colored Red Europe Blitz I
2
Countries of the World - No Outlines Minefield
3
Colored Red Africa Blitz II
4
Colored Red Europe Blitz II
5
Colored Red Europe Blitz III
6
Colored Red Africa Blitz III
7
Colored Red States Blitz I
8
Colored Red States Blitz II
9
Colored Red States Blitz III
10
A Different View: World Oceans
Explore More
Trending Topics
NBA
Anime
Crossword
Kpop
Harry Potter
Marvel
Disney
NFL
Soccer
Country
Song
WWE
Puzzle
Pokémon
The Office
hide this ad
More By:
xyz_
Quiz
Plays
Rating
Category
Featured
Created
Countries With Most Remote Islands
42,795
4.84
Geography
Apr 2, 2015
30 Closest Capitals: London
39,775
4.62
Geography
Oct 15, 2016
Cities in United Kingdom Illustrated
28,259
4.82
Geography
Nov 30, 2020
Famous 'A' Women
22,654
4.78
Entertainment
Sep 19, 2020
Most Populous Cities: Persian Gulf
19,546
3.98
Geography
Jul 25, 2014
Go to Creator's Profile
Score Distribution
Quiz Creator Spotlight
xyz_
Follow
Send a Message
Quizzes Created
-
Created Quiz Play Count
-
More By This Creator
Popular Quizzes Today
1
Find the US States - No Outlines Minefield
2
Colored Red Africa Blitz
3
Find the 'City' Movie
4
5x2 Blitz: Bands
5
The Countries of the World
6
Find the Countries of Europe - No Outlines Minefield
7
Find the US States
8
US States
More Geography Quizzes
Acrostic Mozambique
Quiz Lab
Trending Quizzes
Colored Red Europe Blitz I
Colored Red Africa Blitz II
Colored Red Europe Blitz II
Colored Red Europe Blitz III
Colored Red Africa Blitz III
Recently Updated
March Madness Men's Triple Doubles
pecheneg
How Do You Spell That?
pecheneg
Godzilla Movies
pecheneg
Grab Bag: 4-10 Letters
pecheneg
2024 March Madness Bracket
pecheneg
Famous TV Couples
Peacemaker
Champions League XIs: Real Madrid
pecheneg
Largest US Cities 1790-2010
pecheneg
Rides in Walt Disney World
pecheneg
Most Oscar Losses (Acting)
pecheneg
Trending Topics
Harry Potter
NBA
Disney
Crossword
Anime
Kpop
Marvel
The Office
Country
Puzzle
Pokémon
Soccer
WWE
NFL
Song
Your Account Isn't Verified!
In order to create a playlist on Sporcle, you need to verify the email address you used during registration. Go to your
Sporcle Settings
to finish the process.
Report this User
Report this user for behavior that violates our
Community Guidelines
.
Details:
Send Report
Go to the Sporcle.com Mobile Site →
Comments